LEADER 01120nam0 22002771i 450 001 UON00511416 005 20231205105459.765 100 $a20230214d1975 |0itac50 ba 101 $alat 102 $aIT 105 $a|||| ||||| 200 1 $aConstitutionis dogmaticae Lumen gentium$esynopsis historica$fa cura di G. Alberigo e F. Magistretti 210 $aBologna$cIstituto per le scienze religiose$d1975 215 $aXXXVIII, 619 p.$d30 cm 606 $aDogmatismo$3UONC100440$2FI 620 $aIT$dBologna$3UONL000085 676 $a148$cDogmatismo$v22 700 1$aALBERIGO$bGiuseppe$3UONV150976$07630 701 1$aMagistretti$bFranca$3UONV288731$0482411 712 $a*Istituto per le *Scienze *Religiose $3UONV016538$4650 801 $aIT$bSOL$c20240220$gRICA 899 $aSIBA - SISTEMA BIBLIOTECARIO DI ATENEO$2UONSI 912 $aUON00511416 950 $aSIBA - SISTEMA BIBLIOTECARIO DI ATENEO$dSI AFR FONDO RICCI 329 $eSI 40349 7 329 996 $aConstitutionis dogmaticae Lumen gentium$93901696 997 $aUNIOR